Une lettre suffit pour répondre juste #93 (attention 10 lettres tuent) - Statistiques

Statistiques générales
  • Ce quiz a été pris 39 fois
  • Le résultat moyen est 3 sur 6
Statistiques - réponses
Hint Réponse % Correct
Donne une des 5 lettres du surnom de l'acteur en orange qui est aussi le nom du personnage de série TV en dessous : _ _ _ _ _
SPIKE (Lee et Buffy contre les vampires)
100%
Donne une des 4 lettres qui complète la combinaison de touches sur laquelle appuyer pour ouvrir le Gestionnaire des tâches sur un PC : _ _ _ _+Alt+Suppr (ou _ _ _ _ -Alt-Delete) CTRL
91%
Donne une des 3 lettres qui complète le nom de cette ville italienne d'environ 100 000 habitants en 2025, capitale de la région historique et géographique du Frioul : _ _I_E
UDN (Udine)
35%
Donne une des 2 lettres qui ensemble par ordre alphabétique désigne : - un club de football néerlandais professionnel d'Alkmaar fondé en 1967 - un peuple turcophone de Russie - un rappeur américain né en 1972 - un humoriste français né en 1995, sociétaire récurrent des Grosses Têtes sur RTL depuis 2022 AZ
26%
Donne la lettre des initiales (première lettre prénom et nom) de cette auteure-compositrice-interprète, pianiste et guitariste française
J
15%
Donne la lettre qui est : - souvent utilisée par convention pour désigner l'ordonnée d'un point - le symbole souvent attribué à l'admittance - le symbole de la secte pythagoricienne. Il représente symboliquement la croisée des chemins (bivium), le choix que doit faire chaque adepte pour entrer dans la secte et suivre ses commandements, censés faire de lui un homme divin Y
15%
Aucun quiz correspondant
Distribution des résultats
% des personnes avec chaque résultat
Percentile par nombre de réponses
Votre historique - résultats
Vous n’avez pas pris ce quiz